| 000 | 02626nam a2200337 i 4500 | ||
|---|---|---|---|
| 001 | 768714001 | ||
| 003 | CO-MdFUSB | ||
| 005 | 20260327152830.0 | ||
| 007 | ta | ||
| 008 | 240918t2003 ck ||||| |||| 001 0 spa d | ||
| 020 | _a958-33-4921-6 | ||
| 040 |
_bspa. _aCO-MdFUSB _cCO-MdFUSB _dCO-MdFUSBC _erda |
||
| 041 | _aspa | ||
| 082 |
_223 _a264.02098 _bC741 |
||
| 110 | _aComunidad de Educación Teológica Ecuménica Latinoamericana y Caribeña | ||
| 245 | 1 |
_aInculturación de la liturgia en contextos latinoamericanos y caribeños : _baproximaciones teológicas y pedagógicas _c/ Comunidad de Educación Teológica Ecuménica Latinoamericana y Caribeña (CETELA) |
|
| 264 | 1 |
_aBogotá, Colombia : _bKimpress, _c[2003] |
|
| 264 | 4 | _c©2003 | |
| 300 |
_a341 páginas _c; 21 cm |
||
| 336 |
_2rdacontent _atexto _btxt |
||
| 337 |
_2rdamedia _asin mediación _bn |
||
| 338 |
_2rdacarrier _avolumen _bnc |
||
| 500 | _aIncluye índice, fotografías | ||
| 505 |
_gPrimera parte: _tSeminario: para profesores y profesoras de liturgia. _aMemoria abreviada. -- Liturgia y contexto: fundamentos teológicos. -- Reacciones a la ponencia de Glaucia Vasconcellos. -- De Juan Gattinoni. -- De Nelson Kirst. -- Liturgia y cultura. -- Reacción a la ponencia de Jaci Maraschin. -- Elementos de diseño y evaluación curricular para programas y cursos de liturgia. -- Celebración y liberación en la espiritualidad pentecostal: acercamiento teológico y pastoral a aspectos fundamentales del culto pentecostal. -- Culto y cultura en Vale da Pitanga: breve relatório de uma pesquisa social. _gSegunda parte: _tSeminario: para profesores y profesoras de liturgia. _aMemoria abreviada. -- La liturgia y los componentes de la cultura. -- Relación entre culto y cultura: dos métodos de inculturación litúrgica. -- El culto cristiano en la Unión Evangélica Pentecostal Venezolana: historia y teología. -- Una liturgia de la Iglesia Evangélica de Confesión Luterana en Brasil: definición, fundamentos bíblico-teológicos, historia (orígenes y evolución), expresión actual. -- Metodología de ensino de liturgia. -- Liturgia de la Convención Bautista Internacional de Nicaragua. -- La liturgia de la Fraternidad de Iglesias Bautistas de Cuba. -- La experiencia litúrgica en la Iglesia Evangélica Metodista de Bolivia. -- Liturgia contextualizada Kichwa. -- Liturgia y tradición bautista contemporánea. |
||
| 563 | _aRústica | ||
| 653 | _aLiturgia cristiana — América Latina | ||
| 653 | _aLiturgia — Contexto cultural | ||
| 653 | _aInculturación (Teología) | ||
| 942 | _cBK | ||
| 945 | _aCatherine Arias Alvarez | ||
| 999 |
_c70954 _d70954 |
||